=LDR 00000nam 2200000 4500 =001 INLIS000000000019931 =005 20130612114935 =008 ***********************************Ind** =035 ##$$0010-061300000019931 =041 ##$$a Ind =082 ##$$a 551.47 =090 ##$$a 551.47, Oli s =100 ##$$a Oliver, Clare =245 ##$$a 100 pengetahuan tentang samudra, Class Oliver alih bahasa, Rachma Apsari =260 ##$$a 2004 $b Jakarta =300 ##$$a 48 hlm, ilus, 29 cm =650 ##$$a Samudra =850 ##$$a NBPNMAT =990 ##$$a 0001/BPAP-NTB/20142015